El keynesianismo clásico, la teoría monetaria y el nivel de los precios
Wedi'i Gadw mewn:
| Prif Awdur: | |
|---|---|
| Fformat: | Llyfr |
| Iaith: | Sbaeneg |
| Cyhoeddwyd: |
Ciudad de México
FMI
1973
Ciudad de México BID 1973 Ciudad de México CEMLA 1973 |
| Cyfres: | Biblioteca Financiera
|
| Pynciau: | |
| Tagiau: |
Ychwanegu Tag
Dim Tagiau, Byddwch y cyntaf i dagio'r cofnod hwn!
|
MARC
| LEADER | 00000nam a2200000 a 4500 | ||
|---|---|---|---|
| 001 | UCT8637 | ||
| 003 | CL-VaPUC | ||
| 008 | 970326e19730200mx |||||||||||||||||spa|d | ||
| 082 | 0 | 4 | |a 330.156 |b WEI |2 21 |
| 100 | 0 | |a Weintraub, Sidney |e author |9 380491 | |
| 245 | 1 | 3 | |a El keynesianismo clásico, la teoría monetaria y el nivel de los precios |
| 300 | |a 177 p | ||
| 942 | |c BK | ||
| 945 | |d 19970326 00:00:00 |a paguirre | ||
| 260 | |a Ciudad de México |b FMI |c 1973 | ||
| 260 | |a Ciudad de México |b BID |c 1973 | ||
| 260 | |a Ciudad de México |b CEMLA |c 1973 | ||
| 600 | 0 | |a Keynes, John Maynard |d 1883-1946 |9 346359 | |
| 650 | 0 | |a Teorías económicas |9 270968 | |
| 650 | 7 | |a ECONOMIA KEYNESIANA |2 CL-VaPUC |9 359265 | |
| 650 | 7 | |a TEORIAS MONETARIAS |2 CL-VaPUC |9 353610 | |
| 650 | 0 | |a Economía marxista |9 311435 | |
| 650 | 0 | |a Precios |9 260787 | |
| 650 | 0 | |a Inflación |9 257218 | |
| 650 | 7 | |a DEFLACION |2 CL-VaPUC |9 379519 | |
| 583 | |a last modification |c 20171011 10:54:03 |k Rodrigo Vera | ||
| 490 | 0 | |a Biblioteca Financiera | |
| 999 | |c 257124 |d 257122 | ||
| 952 | |0 0 |1 0 |4 0 |6 330_156000000000000_WEI_1973_1973_1973 |7 0 |8 A |9 280377 |a BIBDER |b BIBDER |d 2019-11-19 |i 1813862 |o 330.156 WEI 1973 1973 1973 |p 1813862 |r 2023-01-25 |w 2019-11-19 |y BK |k DER | ||